000 00888nas a2200301 4500
001 BR9900257
003 BR-BrBNA
005 20231205101156.0
007 ta
008 230509b bl.|||p| |||| 00| 00por d
040 _aBR-BrBNA
_bpor
_cBiblioteca Nacional de Agricultura
041 _a(Pt)
072 _aF03
100 1 _aAmabile, R.F.
100 1 _aGarcia, J.
100 1 _aDuarte, J.B.
100 1 _aSilva, J.C.S.
100 1 _aF. Neto, A.L.
245 1 _aSuperacao de dormencia em sementes de feijao bravo-do-Ceara (Canavalia brasiliensis)
650 _aFeijao Bravo
650 _aSemente
650 _aAdubacao Verde
650 _aDormencia
650 _aCerrado
773 0 _tAnais da Escola de Agronomia e Veterinaria (Brazil)
_xISSN 0100-218X
_g(Jan-Jun 1995), v. 25(1) p. 69-76
_wBR9900257
909 _a202311
_bLúcia
_c55
_dLúcia Elande
942 _2AGRIS
_n0
_cANA
999 _c160224
_d160224